Normal view
MARC view
- Shamail Bin Zaman. Muhammad Sultan Azam. Mustafa Raza Khan. Waleed Ahmed
Entry Personal Name
001 - CONTROL NUMBER
- control field: 73336
003 - CONTROL NUMBER IDENTIFIER
- control field: NUST
005 - DATE AND TIME OF LATEST TRANSACTION
- control field: 20210628205013.0
008 - FIXED-LENGTH DATA ELEMENTS
- fixed length control field: 210628|| aca||aabn | a|a d
040 ## - CATALOGING SOURCE
- Original cataloging agency: NUST
- Transcribing agency: NUST
100 ## - HEADING--PERSONAL NAME
- Personal name: Shamail Bin Zaman. Muhammad Sultan Azam. Mustafa Raza Khan. Waleed Ahmed
670 ## - SOURCE DATA FOUND
- Source citation: Work cat.: (NUST): Shamail Bin Zaman. Muhammad Sultan Azam. Mustafa Raza Khan. Waleed Ahmed, PR-SOF-1975-Micro-Robotic Injection Module, 2020
